000 00747nam a2200229 a 4500
001 1080
003 BR-CuiBMT
005 20231128162621.0
008 231128s1998 spb 001 0 por d
040 _aBR-CuiBMT
_cBR-CuiBMT
080 _22007
_a352.075.2
_x(81)
090 _a352.075.2(81)
_bS237p
100 1 _aSantos, Ozéias J.
245 1 0 _aPrefeito municipal :
_bdoutrina, jurisprudência e legislação /
_cOzéias J. Santos.
260 _aCampinas :
_bAgá Juris,
_c1998.
300 _a497 p. ;
_c21 cm
504 _aInclui bibliografia e índice.
650 _aAdministração municipal
_zBrasil
650 _aPrefeito
_xPoderes e atribuições
_zBrasil
650 _aMunicípio
_xAspectos constitucionais
_zBrasil
942 _2udc
_cLV
999 _c1080
_d1080